| 000 | 01184njm a22002537a 4500 | ||
|---|---|---|---|
| 005 | 20100910121619.0 | ||
| 006 | a|||||r|||||00| 0 | ||
| 007 | sd ammalaaahaa | ||
| 008 | 100907t xxu||||| |||| 00| 0 eng d | ||
| 028 |
_a45-AE. 1110 _bAngel Recods |
||
| 035 | _aGR-01881 | ||
| 100 |
_aBhosle, Asha _918693 |
||
| 245 |
_aAnsoo ban gaye phool / _cby Asha Bhosle; lyric by Taj Bhopali; music by Laxmikant Pyarelal _h[Sound recording] |
||
| 246 | _aआंसू बन गए फूल / आशा भोसले द्वारा | ||
| 260 |
_aDum Dum, India _bAngel Records _c1969 |
||
| 300 |
_a1 sound disc [Gramophone Recording] _banalog, 45 rpm ; _c7 in. (SP) _fGramaphone Records |
||
| 500 | _aBrief record | ||
| 505 | _aSide-1 ओ हो सुनो तो जाने (O ho suno to jaane) (Asha Bhosle) --Side-2 इलेक्शन में मालिक के लडके (Ilekshan men maalik ke ladake) (Kishore Kumar) | ||
| 650 |
_aClassical music _xExcerpts _zIndia _918694 |
||
| 700 |
_aTaj Bhoopali _918695 |
||
| 700 |
_aLaxmikant Pyarelal _919326 |
||
| 942 |
_2ddc _cGR |
||
| 999 |
_c45062 _d45062 |
||